00318 a2200097 4500001001000000005001700010008004100027245005300068100001900121773008000140ART_4420820260410161937.0260409a 10aTaxonomy, communication, and rhetorical strategy1 aDavidson, Paul0 tJournal of post Keynesian economicsg- Vol. 22, NÂș 1 (sep. 1999)wREV26226